000 00301nam a22001337a 4500
008 171006b xxu||||| |||| 00| 0 eng d
020 _a2900495601974
041 _aeng
080 _a159.9
100 _a49
101 _aPSI
245 _aPSYCHOLOGY THEMES & VARIATIONS
_cWEITEN, W
942 _2udc
_cBK
999 _c32220
_d32220